Природа положительных и рентгеновых лучей; Способ обнаружения путей ионизирующих частиц в газах и некоторые результаты, полученные при посредстве этотого способа; Каналовые (положительные) лучи; Лучи положительного электричества; Интерференция рентгеновых лучей

書誌詳細
言語:ロシア語
出版事項: Санкт-Петербург, Издательство "Образование", 1914
TOC:Способ обнаружения путей ионизирующих частиц в газах и некоторые результаты, полученные при посредстве этотого способа;
Каналовые (положительные) лучи;
Лучи положительного электричества;
Интерференция рентгеновых лучей;
シリーズ:Новые идеи в физике Сб. 7
主題:
フォーマット: 図書
KOHA link:https://koha.lib.tpu.ru/cgi-bin/koha/opac-detail.pl?biblionumber=338038

MARC

LEADER 00000nam0a2200000 4500
001 338038
005 20231102005017.0
035 |a (RuTPU)RU\TPU\book\364526 
035 |a RU\TPU\book\340010 
090 |a 338038 
100 |a 20171117d1914 k y0rusy50 ca 
101 0 |a rus 
102 |a RU 
105 |a a z 000zy 
200 1 |a Природа положительных и рентгеновых лучей 
210 |a Санкт-Петербург  |c Издательство "Образование"  |c Типография "Печатный Труд"  |d 1914 
215 |a [2], 149 с.  |c ил., фото 
225 1 |a Новые идеи в физике  |e Непериодическое издание, выходящее под ред. заслуженного профессора И. И. Ьоргмана  |v Сб. 7 
464 |t Способ обнаружения путей ионизирующих частиц в газах и некоторые результаты, полученные при посредстве этотого способа 
464 |t Каналовые (положительные) лучи 
464 |t Лучи положительного электричества 
464 |t Интерференция рентгеновых лучей  |a Глаголев, М. М. 
606 |a Рентгеновские лучи  |2 stltpush  |3 (RuTPU)RU\TPU\subj\25073  |9 49310 
610 1 |a ионизирующие частицы 
610 1 |a положительные лучи 
610 1 |a интерференция рентгеновых лучей 
675 |a 537.531  |v 4 
801 1 |a RU  |b 63413507  |c 20160217 
801 2 |a RU  |b 63413507  |c 20171117  |g RCR 
942 |c BK